À l'ombre des dictatures. La démocratie en Amérique latine.

Na minha lista:
Detalhes bibliográficos
Autor principal: Rouquié, Alain (autor)
Formato: Livro
Idioma:inglês
Publicado em: Paris, France: Éditions Albin Michel, 2010.
Assuntos:
Tags: Adicionar Tag
Sem tags, seja o primeiro a adicionar uma tag!

MARC

LEADER 00000nam a22000007a 4500
003 CL-VaPUC
005 20231031170235.0
008 231030t2010 ||||| |||| 00| 0 eng d
999 |c 442223  |d 442221 
040 |c Pontificia Universidad Católica de Valparaíso 
082 |2 22  |a 321.8 ROU 2010 
100 |9 373991  |a Rouquié, Alain  |e autor 
245 |a À l'ombre des dictatures.   |b La démocratie en Amérique latine.  
260 |a Paris, France:   |b Éditions Albin Michel,   |c 2010. 
300 |a 377 páginas.  
500 |a c.1 Donación Sr. Jorge Precht Pizarro. 26-05-23. Biblioteca Teología. 
583 |c 20231030  |k Yessy Sthefany Diaz Vidal 
651 0 |9 255027  |a América Latina   |x Política y gobierno  |x Dictaduras, democracias, etc.  |v Análisis crítico  |y Siglos 20-21 
942 |2 ddc  |c BK 
952 |0 0  |1 0  |2 ddc  |4 0  |6 321_800000000000000_ROU_2010  |7 0  |8 A  |9 592189  |a BIBTEO  |b BIBTEO  |c GEN  |d 2023-10-30  |e Donación   |i 5659205  |o 321.8 ROU 2010  |p 5659205  |r 2025-01-17  |t 1  |w 2023-10-30  |y BK  |k ICR